Засоби невербальної комунікації у вивченні іноземної мови (Запис № 285321)
[ простий вигляд ]
| 000 -LEADER | |
|---|---|
| fixed length control field | 02007nam a22001577a 4500 |
| 041 ## - LANGUAGE CODE | |
| Language code of text/sound track or separate title | ukr |
| 080 ## - UNIVERSAL DECIMAL CLASSIFICATION NUMBER | |
| Universal Decimal Classification number | 09 |
| 090 ## - LOCALLY ASSIGNED LC-TYPE CALL NUMBER (OCLC); LOCAL CALL NUMBER (OCLC) | |
| Local cutter number (OCLC) ; Book number/undivided call number, CALL (RLIN) | ПОЛ |
| 100 ## - MAIN ENTRY--PERSONAL NAME | |
| Personal name | Полюхович Л. В. |
| 245 ## - TITLE STATEMENT | |
| Title | Засоби невербальної комунікації у вивченні іноземної мови |
| 260 ## - PUBLICATION, DISTRIBUTION, ETC. (IMPRINT) | |
| Place of publication, distribution, etc | Острог |
| Name of publisher, distributor, etc | КАФ |
| Date of publication, distribution, etc | 2013 |
| 300 ## - PHYSICAL DESCRIPTION | |
| Extent | 79 |
| 520 ## - SUMMARY, ETC. | |
| Summary, etc | Вступ<br/>Розділ 1. Невербальне спілкування і його роль у комунікації<br/>1.1. Невербальні компоненти комунікації. Мімічні ознаки емоційних станів<br/>1.2. Жести. Основні комунікаційні жести та їх походження<br/>1.3. Зони та території<br/>1.4. Етикет невербального спілкування<br/>Розділ 2. Навчання невербальним засобам комунікації у процесі вивчення іноземної мови<br/>2.1. Особливості особистих і робочих відносин в українській та англійських культурах<br/>2.2. Жести в англійській традиції спілкування, і жести, які відсутні в комунікативній поведінці носіїв української мови<br/>2.3. Принципи навчання невербальним засобам комунікації<br/>2.4. Комплекс вправ з навчання розуміння та застосування невербальних засобів комунікакації<br/>Розділ 3.<br/>3.1. Безпека при експлуатації компресорних установок<br/>3.2. Безпека при експлуатації трубопроводів<br/>Висновок<br/>Список використаної літератури |
| -- | комунікація, невербальні засоби |
| 650 ## - SUBJECT ADDED ENTRY--TOPICAL TERM | |
| Topical term or geographic name as entry element | Research Papers |
| 942 ## - ADDED ENTRY ELEMENTS (KOHA) | |
| Koha item type | Книги |
| Withdrawn status | Lost status | Source of classification or shelving scheme | Damaged status | Not for loan | Home library | Current library | Date acquired | Source of acquisition | Cost, normal purchase price | Total Checkouts | Full call number | Barcode | Date last seen | Price effective from | Koha item type |
|---|---|---|---|---|---|---|---|---|---|---|---|---|---|---|---|
| Universal Decimal Classification | ВІЛ - Відділ іноземн. літератури НБ | ВІЛ - Відділ іноземн. літератури НБ | 12/06/2013 | Акт №7 | 1.00 | 09 | 215303 | 09/11/2021 | 12/06/2013 | Книги |